| 000 | 00702 a2200169 4500 | ||
|---|---|---|---|
| 999 |
_c10359 _d10359 |
||
| 020 | _a1864012242 | ||
| 050 | _aBF441. PAU1993 | ||
| 100 |
_a Paul, Richard _eauthor |
||
| 245 |
_aCritical thinking : _bhow to prepare students for a rapidly changing world/ _cRichard Paul |
||
| 264 |
_aSanta Rosa, CA : _b Foundation for Critical Thinking, _c1995 |
||
| 300 | _axv, 572 pages : illustrations ; 23 cm | ||
| 500 | _aEarlier editions have subtitle: what every person needs to survive in a rapidly changing world. lncludes index and bibliography | ||
| 650 | _aCritical thinking | ||
| 650 | _aCritical thinking -- Study and teaching | ||
| 650 | _a Educational psychology. | ||
| 942 |
_2lcc _cBK _h441 _iPAU _kBF |
||